Sustainable Energy in Africa (Record no. 346)

MARC details
000 -LEADER
fixed length control field 00444nam a22001457a 4500
008 - FIXED-LENGTH DATA ELEMENTS--GENERAL INFORMATION
fixed length control field 230605b xxu||||| |||| 00| 0 eng d
020 ## - INTERNATIONAL STANDARD BOOK NUMBER
International Standard Book Number 9966918175
082 ## - DEWEY DECIMAL CLASSIFICATION NUMBER
Classification number 333.936
Item number KAR
100 ## - MAIN ENTRY--PERSONAL NAME
Titles and words associated with a name Stephen Karekezi
245 ## - TITLE STATEMENT
Title Sustainable Energy in Africa
Remainder of title Cogeneration and Geothermal in the East and Horn of Africa Status and Prospects
260 ## - PUBLICATION, DISTRIBUTION, ETC. (IMPRINT)
Place of publication, distribution, etc. Nairobi
Name of publisher, distributor, etc. Afrepren/fwd
Date of publication, distribution, etc. 2005
300 ## - PHYSICAL DESCRIPTION
Extent 258 pages
600 ## - SUBJECT ADDED ENTRY--PERSONAL NAME
Titles and other words associated with a name Waeni Kithyoma
942 ## - ADDED ENTRY ELEMENTS (KOHA)
Source of classification or shelving scheme Dewey Decimal Classification
Koha item type Books
Holdings
Withdrawn status Lost status Source of classification or shelving scheme Damaged status Not for loan Home library Current library Date acquired Total Checkouts Full call number Barcode Date last seen Price effective from Koha item type
    Dewey Decimal Classification     Bunge Tower Library Bunge Tower Library 06/05/2023   333.936 KAR 10014784 06/05/2023 06/05/2023 Books
LIBRARY OPENING HOURS

When the Parliament is sitting: 8.00a.m - 7.00p.m or until the house adjourns
Mondays and Fridays and when the House is on Recess:  8.00a.m - 5.00p.m
Closed on Weekends and Public Holidays

Online Public Access Catalog (OPAC)
Website: http://www.parliament.go.ke
Bunge Library: https://libraryir.parliament.go.ke
Contact: library@parliament.go.ke | Tel no: (254-2)2221291 or 2848000 Ext 5043